| 000 | 00589nam a2200241Ia 4500 | ||
|---|---|---|---|
| 005 | 20250425162623.0 | ||
| 008 | 250425s9999 xx 000 0 und d | ||
| 020 | _a9789978672785 | ||
| 041 | _aspa | ||
| 082 | _a338.4791 | ||
| 100 | _aPRIETO, MERCEDES | ||
| 245 | 0 | _aESPACIOS EN DISPUTA: EL TURISMO EN ECUADOR | |
| 250 | _a1A ED. | ||
| 260 |
_aEcuador _bFLACSO, SEDE ECUADOR _c2011 |
||
| 260 | _aS.L. | ||
| 300 | _a232 | ||
| 650 | _aDESARROLLO SUSTENTABLE | ||
| 650 | _aECOTURISMO | ||
| 650 | _aECUADOR | ||
| 650 | _aTURISMO PATRIMONIAL | ||
| 942 | _c01 | ||
| 010 | _a90631 | ||
| 999 |
_c233005 _d233005 |
||